000 00665cam a2200205 a 4500
003 OSt
005 20150810180033.0
008 960222s1992 mnua 000 0 eng d
020 _a0-938529-03-X
040 _cBMC
082 _a658.04
245 0 0 _aSuccessful manager's handbook
_b: development suggestions for todayʾs managers
_cBrian L. Davis ... [et al.]
250 _a1ª ed
260 _aMinneapolis, Minn
_bPersonnel Decisions International
_c1992
300 _aVIII, 799 p.
_bil.
_c25 cm
650 2 4 _93341
_aGestión de empresas
700 1 _aDavis, Brian Leigh
_q(Brian Lee)
_927308
740 0 _aImproving managerial effectiveness.
942 _2ddc
_cBK
999 _c15065
_d15065